000
00381nam a22001337a 4500
003
OSt
005
20120302145713.0
008
090520t xxu||||| |||| 00| 0 eng d
035
_a
४१३७
040
_c
मराठी
100
_a
गोखले, गो . सी.
_9
5300
245
_a
ज्ञानसागरातील शिंपले - ३
942
_2
ddc
_c
BOOK
999
_c
490402
_d
490399